APPLIED MECHANICAL STATICS (Record no. 585433)
[ view plain ]
| 000 -LEADER | |
|---|---|
| fixed length control field | 00276nam a22001097a 4500 |
| 082 ## - DEWEY DECIMAL CLASSIFICATION NUMBER | |
| Classification number | 531.12 HOU'A |
| 100 ## - MAIN ENTRY--PERSONAL NAME | |
| Personal name | HOUSNER, GEORGE W,HUDSON, DONALD E |
| 9 (RLIN) | 80508 |
| 245 ## - TITLE STATEMENT | |
| Title | APPLIED MECHANICAL STATICS |
| 260 ## - PUBLICATION, DISTRIBUTION, ETC. | |
| Place of publication, distribution, etc. | NEWJERSCY |
| Name of publisher, distributor, etc. | D. VAN NOSTRAND |
| Date of publication, distribution, etc. | 1949 |
| 300 ## - PHYSICAL DESCRIPTION | |
| Extent | 220P |
| 942 ## - ADDED ENTRY ELEMENTS (KOHA) | |
| Koha item type | Book |
| Withdrawn status | Lost status | Damaged status | Not for loan | Permanent Location | Current Location | Shelving location | Date acquired | Total Checkouts | Full call number | Barcode | Date last seen | Price effective from | Koha item type |
|---|---|---|---|---|---|---|---|---|---|---|---|---|---|
| College of Electrical & Mechanical Engineering (CEME) | College of Electrical & Mechanical Engineering (CEME) | General Stacks | 07/09/2017 | 531.12 HOU'A | CEME-5057 | 06/28/2021 | 06/28/2021 | Book |
